000 00246nam a2200097Ia 4500
005 20251222114352.0
008 251222s1900||||xx |||||||||||||| ||spa||
082 _aDVD0093/E79
245 0 _aEscuela nueva: una experiencia latinoamericana
942 _cDVD
999 _c1280
_d1280